000 00487pam a2200193 a 4500
020 _c
040 _aMedical College Lib.
041 _aENG
_hENG
082 _a306.461
_bGOO
100 _aGood, B.J. .
245 _aMedicine Rationality & Experience /
_c
_hTextual Documents
260 _a :
_bCambridge Uni Press ,
_c1994.
300 _a134 ;
_c
365 _a30=00
653 _aMedical Science
930 _a3369
999 _c3368
_d3368